000 00679nam a2200253Ia 4500
003 OSt
005 20220918165344.0
006 a|||||r|||| 00| 0
007 ta
008 220917b |||||||| |||| 00| 0 eng d
020 _a416032080X
024 _a37,811
037 _cTextual
040 _aARTS
_cARTS
_beng
041 _2eng
_aeng
082 _aO113,2M98x, 111L0.1
100 _aBrecht B
245 0 _aCollected plays ed by John Willett and Ralph Manheim
260 _aLondon
_bMethuen UK
_c1970
300 _a456p.
_ccm.
650 _aENGLISH LITERATURE
942 _hO113,2M98x, 111L0.1
_cTEXL
_2CC
999 _c129484
_d129484